[Event "Tatrzanski op"]
[Site "Poronin POL"]
[Date "2022.01.08"]
[Round "5.1"]
[White "Golubka, Petro"]
[Black "Pniaczek, Marek"]
[Result "1-0"]
[WhiteElo "2406"]
[BlackElo "2329"]
[WhiteFideId "-1"]
[BlackFideId "-1"]
[PlyCount "57"]
[GameId "2130307579616505"]
[EventDate "2022.01.06"]
[EventType "swiss"]
[EventRounds "9"]
[EventCountry "POL"]
[SourceTitle "10 Days #675"]
[Source "ChessMix"]
[SourceDate "2022.01.20"]
[SourceVersion "1"]
[SourceVersionDate "2022.01.20"]
[SourceQuality "1"]

1. e4 e5 2. Nf3 Nc6 3. Bb5 a6 4. Ba4 Nf6 5. d3 b5 6. Bb3 Bc5 7. a4 Rb8 8. O-O O-O 9. axb5 axb5 10. Nc3 h6 11. Bd5 Nxd5 12. exd5 Nd4 13. Nxe5 d6 14. Nc6 Nxc6 15. dxc6 d5 16. Qf3 Be6 17. Bf4 Rb6 18. Qg3 Rxc6 19. Nxb5 Bb6 20. Bxh6 Qf6 21. Bg5 Qg6 22. c3 Bf5 23. Rfd1 Re6 24. Be3 Qxg3 25. hxg3 Bxe3 26. fxe3 Rxe3 27. Nxc7 Rd8 28. Ra5 Bxd3 29. Rxd5 1-0

[Event "Tatrzanski op"]
[Site "Poronin POL"]
[Date "2022.01.10"]
[Round "6.1"]
[White "Golubka, Petro"]
[Black "Zylka, Stanislaw"]
[Result "1/2-1/2"]
[WhiteElo "2406"]
[BlackElo "2400"]
[WhiteFideId "-1"]
[BlackFideId "-1"]
[PlyCount "118"]
[GameId "2130307579616516"]
[EventDate "2022.01.06"]
[EventType "swiss"]
[EventRounds "9"]
[EventCountry "POL"]
[SourceTitle "10 Days #675"]
[Source "ChessMix"]
[SourceDate "2022.01.20"]
[SourceVersion "1"]
[SourceVersionDate "2022.01.20"]
[SourceQuality "1"]

1. e4 d5 2. exd5 Qxd5 3. Nc3 Qa5 4. Nf3 Nf6 5. Bc4 Bf5 6. d3 c6 7. Bd2 Qc7 8. Ng5 e6 9. Qe2 Nbd7 10. a4 Bb4 11. Nce4 Bxd2+ 12. Nxd2 O-O 13. O-O a5 14. Rfe1 b5 15. Bb3 Nc5 16. Qe3 Qb6 17. axb5 cxb5 18. h3 Qc6 19. Rec1 a4 20. Ba2 Rac8 21. Ndf3 Qb7 22. Nd4 Bg6 23. b4 axb3 24. Bxb3 Nxb3 25. Nxb3 Nd5 26. Qd2 Rfd8 27. f3 Qb6+ 28. Kh1 Qe3 29. Rab1 Qxd2 30. Nxd2 Nc3 31. Rb2 Ne2 32. Ra1 Nd4 33. Raa2 e5 34. Nge4 f5 35. Ng3 Bf7 36. c4 g6 37. Kh2 bxc4 38. Nxc4 Bxc4 39. dxc4 Rxc4 40. Ne2 Rd7 41. Kg3 Kf7 42. Kf2 Ne6 43. Rb5 Nc5 44. g3 Ke6 45. h4 h6 46. Kg2 g5 47. hxg5 hxg5 48. f4 exf4 49. gxf4 gxf4 50. Nxf4+ Rxf4 51. Rxc5 Rg7+ 52. Kh1 Rh4+ 53. Rh2 Rxh2+ 54. Kxh2 f4 55. Ra5 f3 56. Ra3 f2 57. Re3+ Kd5 58. Rf3 Ke4 59. Rxf2 Ke3 1/2-1/2

[Event "Tatrzanski op"]
[Site "Poronin POL"]
[Date "2022.01.10"]
[Round "7.1"]
[White "Ustianovich, Nazar"]
[Black "Golubka, Petro"]
[Result "0-1"]
[WhiteElo "2344"]
[BlackElo "2406"]
[WhiteFideId "-1"]
[BlackFideId "-1"]
[PlyCount "120"]
[GameId "2130307579616527"]
[EventDate "2022.01.06"]
[EventType "swiss"]
[EventRounds "9"]
[EventCountry "POL"]
[SourceTitle "10 Days #675"]
[Source "ChessMix"]
[SourceDate "2022.01.20"]
[SourceVersion "1"]
[SourceVersionDate "2022.01.20"]
[SourceQuality "1"]

1. c4 g6 2. Nc3 Bg7 3. g3 d6 4. Bg2 c5 5. Nf3 Nc6 6. O-O Qd7 7. a3 Bxc3 8. dxc3 b6 9. b4 Bb7 10. a4 Nf6 11. a5 bxa5 12. bxc5 dxc5 13. Rb1 Qxd1 14. Rxd1 Rd8 15. Nd2 Ba8 16. Ba3 Nd7 17. Nb3 O-O 18. Bxc6 Bxc6 19. Nxa5 Ba4 20. Rd5 Rb8 21. Ra1 Rfc8 22. f3 f6 23. Kf2 Kf7 24. Bc1 Nb6 25. Rd2 Be8 26. Rda2 g5 27. Be3 h6 28. h4 Kg6 29. g4 Bf7 30. hxg5 hxg5 31. Rb2 Rc7 32. Rba2 Rbc8 33. Ra3 Rd7 34. R3a2 Rdc7 35. Kf1 Be6 36. Kf2 Kg7 37. Kf1 Bxc4 38. Nxc4 Nxc4 39. Bf2 a5 40. Ra4 Nd2+ 41. Ke1 Nb3 42. R1a3 Rb8 43. c4 Rd7 44. Be3 Kg6 45. Ra2 Rb4 46. R4a3 Rdb7 47. Rc2 a4 48. Kf2 f5 49. gxf5+ Kxf5 50. Rca2 Rxc4 51. Rxa4 Rxa4 52. Rxa4 Rb4 53. Ra7 Kf6 54. Rc7 Rc4 55. Rc8 Rc2 56. Rf8+ Ke6 57. Rg8 Nd4 58. Bxd4 cxd4 59. Rxg5 d3 60. Ke3 d2 0-1

[Event "Tatrzanski op"]
[Site "Poronin POL"]
[Date "2022.01.11"]
[Round "8.1"]
[White "Zielonka, Adam"]
[Black "Golubka, Petro"]
[Result "1/2-1/2"]
[WhiteElo "1926"]
[BlackElo "2406"]
[WhiteFideId "-1"]
[BlackFideId "-1"]
[PlyCount "26"]
[GameId "2130307579616538"]
[EventDate "2022.01.06"]
[EventType "swiss"]
[EventRounds "9"]
[EventCountry "POL"]
[SourceTitle "10 Days #675"]
[Source "ChessMix"]
[SourceDate "2022.01.20"]
[SourceVersion "1"]
[SourceVersionDate "2022.01.20"]
[SourceQuality "1"]

1. c4 c6 2. Nf3 a6 3. e3 b5 4. b3 d6 5. d4 Nf6 6. Be2 g5 7. O-O h6 8. Bb2 Bg7 9. Qc2 d5 10. Nbd2 Bg4 11. e4 dxe4 12. Nxe4 Nxe4 13. Qxe4 Bxf3 1/2-1/2

[Event "Tatrzanski op"]
[Site "Poronin POL"]
[Date "2022.01.11"]
[Round "9.1"]
[White "Golubka, Petro"]
[Black "Walkusz, Witoslaw"]
[Result "1/2-1/2"]
[WhiteElo "2406"]
[BlackElo "2024"]
[WhiteFideId "-1"]
[BlackFideId "-1"]
[PlyCount "41"]
[GameId "2130307579616549"]
[EventDate "2022.01.06"]
[EventType "swiss"]
[EventRounds "9"]
[EventCountry "POL"]
[SourceTitle "10 Days #675"]
[Source "ChessMix"]
[SourceDate "2022.01.20"]
[SourceVersion "1"]
[SourceVersionDate "2022.01.20"]
[SourceQuality "1"]

1. g3 g6 2. Bg2 Bg7 3. e4 e5 4. Nc3 Nc6 5. d3 d6 6. Nge2 Nge7 7. Be3 Nd4 8. h3 c6 9. Qd2 Qa5 10. Bxd4 exd4 11. Nd1 Qxd2+ 12. Kxd2 Be6 13. f4 f5 14. c3 dxc3+ 15. bxc3 fxe4 16. Bxe4 O-O-O 17. Bf3 Kc7 18. Ne3 Rhf8 19. h4 Rde8 20. Nd4 Bd7 21. Rae1 1/2-1/2

[Event "Titled Tuesday 2022.01.04"]
[Site "Chess.com INT"]
[Date "2022.01.04"]
[Round "7"]
[White "Gedgafov, Chamal"]
[Black "Golubka, Petro"]
[Result "0-1"]
[WhiteElo "2198"]
[BlackElo "2406"]
[WhiteFideId "-1"]
[BlackFideId "-1"]
[PlyCount "90"]
[GameId "1735454126350336"]
[EventDate "2022.01.04"]
[EventType "swiss (blitz)"]
[EventRounds "11"]
[EventCountry "NET"]
[SourceTitle "EXT 2023"]
[Source "ChessBase"]
[SourceDate "2022.10.05"]
[SourceVersion "1"]
[SourceVersionDate "2022.10.05"]
[SourceQuality "1"]

1. d4 g6 2. c4 Bg7 3. e4 d6 4. Nc3 a6 5. Nf3 Bg4 6. Be2 Nc6 7. Be3 Bxf3 8. Bxf3 e5 9. dxe5 Bxe5 10. O-O Nf6 11. Qc2 O-O 12. Nd5 Nd4 13. Bxd4 Bxd4 14. Rad1 c5 15. a3 Nxd5 16. cxd5 b5 17. b4 Qf6 18. Qd3 Rac8 19. g3 Bb2 20. bxc5 Rxc5 21. Bg2 Rc3 22. Qe2 Bxa3 23. f4 Bc5+ 24. Kh1 Re8 25. Rfe1 Re3 26. Qd2 Rxe1+ 27. Rxe1 b4 28. Qe2 Qc3 29. e5 b3 30. e6 f5 31. e7 a5 32. Bf1 Bb4 33. Qe6+ Kg7 34. Re3 Qc1 35. Kg2 b2 36. Bd3 Bc5 37. Re2 b1=Q 38. Bxb1 Qxb1 39. Qd7 Qb8 40. Qe6 Bd4 41. g4 fxg4 42. f5 Bf6 43. fxg6 Rxe7 44. Qxe7+ Bxe7 45. Rxe7+ Kxg6 0-1

[Event "Titled Tuesday 2022.01.04"]
[Site "Chess.com INT"]
[Date "2022.01.04"]
[Round "8"]
[White "Golubka, Petro"]
[Black "Aketayeva, Dana"]
[Result "1-0"]
[WhiteElo "2406"]
[BlackElo "2130"]
[WhiteFideId "-1"]
[BlackFideId "-1"]
[PlyCount "91"]
[GameId "1735454127300608"]
[EventDate "2022.01.04"]
[EventType "swiss (blitz)"]
[EventRounds "11"]
[EventCountry "NET"]
[SourceTitle "EXT 2023"]
[Source "ChessBase"]
[SourceDate "2022.10.05"]
[SourceVersion "1"]
[SourceVersionDate "2022.10.05"]
[SourceQuality "1"]

1. e4 c5 2. b3 Nc6 3. Bb2 d6 4. Bb5 Bd7 5. f4 a6 6. Bxc6 Bxc6 7. Qe2 e6 8. Nf3 Nf6 9. Nc3 Be7 10. O-O-O b5 11. e5 Nd5 12. Nxd5 Bxd5 13. exd6 Qxd6 14. Bxg7 Rg8 15. Be5 Qb6 16. Rhe1 c4 17. Kb1 a5 18. f5 a4 19. bxc4 bxc4+ 20. Ka1 Qc6 21. Nd4 Qb7 22. Rb1 Rxg2 23. Rxb7 Rxe2 24. Rxe7+ Kf8 25. Rxf7+ Kxf7 26. fxe6+ Bxe6 27. Rxe2 Rg8 28. Rf2+ Ke7 29. Bf6+ Kd7 30. Nxe6 Kxe6 31. Kb2 Rf8 32. Bd4 Rb8+ 33. Ka3 Rd8 34. c3 Rd5 35. h4 Rh5 36. Rf4 Ra5 37. Kb4 Ra8 38. a3 Rb8+ 39. Kxc4 Ra8 40. Kb4 Rb8+ 41. Kxa4 Ra8+ 42. Kb4 Rb8+ 43. Kc4 Rc8+ 44. Bc5 Ke5 45. Rd4 Ra8 46. d3 1-0

[Event "Titled Tuesday 2022.01.04"]
[Site "Chess.com INT"]
[Date "2022.01.04"]
[Round "9"]
[White "Golubka, Petro"]
[Black "De Arruda, Leandro Formes"]
[Result "1-0"]
[WhiteElo "2406"]
[BlackElo "2038"]
[WhiteFideId "-1"]
[BlackFideId "-1"]
[PlyCount "51"]
[GameId "1735454127955968"]
[EventDate "2022.01.04"]
[EventType "swiss (blitz)"]
[EventRounds "11"]
[EventCountry "NET"]
[SourceTitle "EXT 2023"]
[Source "ChessBase"]
[SourceDate "2022.10.05"]
[SourceVersion "1"]
[SourceVersionDate "2022.10.05"]
[SourceQuality "1"]

1. e4 e6 2. d4 d5 3. Bd3 dxe4 4. Bxe4 Nf6 5. Bf3 Nbd7 6. Ne2 Be7 7. Nbc3 O-O 8. O-O c5 9. Be3 cxd4 10. Nxd4 Nb6 11. b3 Nbd5 12. Nxd5 Nxd5 13. Bd2 Bf6 14. c3 Qb6 15. Re1 Bxd4 16. cxd4 Qxd4 17. Rc1 Bd7 18. Rc4 Qb2 19. Rc2 Qd4 20. Rc4 Qb2 21. Bxd5 exd5 22. Bc3 Qxa2 23. Qd4 f6 24. Qxd5+ Rf7 25. Rc7 Rd8 26. Rxd7 1-0

[Event "Titled Tuesday 2022.01.04"]
[Site "Chess.com INT"]
[Date "2022.01.04"]
[Round "10"]
[White "Nastore, Pavel Alexandru"]
[Black "Golubka, Petro"]
[Result "1/2-1/2"]
[WhiteElo "2306"]
[BlackElo "2406"]
[WhiteFideId "-1"]
[BlackFideId "-1"]
[PlyCount "133"]
[GameId "1735454129782784"]
[EventDate "2022.01.04"]
[EventType "swiss (blitz)"]
[EventRounds "11"]
[EventCountry "NET"]
[SourceTitle "EXT 2023"]
[Source "ChessBase"]
[SourceDate "2022.10.05"]
[SourceVersion "1"]
[SourceVersionDate "2022.10.05"]
[SourceQuality "1"]

1. e4 e6 2. d4 d5 3. Nc3 Bb4 4. e5 Qd7 5. a3 Bf8 6. h4 b6 7. h5 Ba6 8. Bxa6 Nxa6 9. Qe2 Nb8 10. Nh3 c5 11. dxc5 bxc5 12. f4 Nc6 13. O-O Nh6 14. g4 Be7 15. f5 Nd4 16. Qg2 exf5 17. Bxh6 fxg4 18. Nf2 Nf3+ 19. Kh1 gxh6 20. Nxg4 Nh4 21. Nxd5 Nxg2 22. Ngf6+ Bxf6 23. Nxf6+ Ke7 24. Nxd7 Ne3 25. Rf3 Nxc2 26. Rc1 Nd4 27. Rd3 Rad8 28. Nxc5 Rhg8 29. Nb7 Rd7 30. Rcd1 Rxb7 31. Rxd4 Rg5 32. b4 Rxh5+ 33. Kg2 Rxe5 34. Rh4 h5 35. Rdh1 Rbb5 36. Rf4 a5 37. Rhf1 f5 38. Rh1 Re4 39. Rxe4+ fxe4 40. bxa5 Rxa5 41. Rh4 Re5 42. Kf2 e3+ 43. Ke2 Kd6 44. Rh3 Ra5 45. Rxe3 Kd5 46. Kf3 Kd4 47. Rb3 Kc4 48. Rb4+ Kc3 49. Rh4 Kb3 50. Kf2 Kxa3 51. Kg3 Kb3 52. Re4 Rf5 53. Kh4 Kc3 54. Re8 Kd4 55. Re1 Kd5 56. Re8 Kd6 57. Re1 h6 58. Re8 Rd5 59. Re1 Rg5 60. Re8 Kd7 61. Re1 Rf5 62. Re2 Rd5 63. Re3 Kd6 64. Re2 Re5 65. Rxe5 Kxe5 66. Kxh5 Kf5 67. Kxh6 1/2-1/2

[Event "Titled Tuesday 2022.01.04"]
[Site "Chess.com INT"]
[Date "2022.01.04"]
[Round "11"]
[White "Golubka, Petro"]
[Black "Provaznik, Michal"]
[Result "1-0"]
[WhiteElo "2406"]
[BlackElo "2121"]
[WhiteFideId "-1"]
[BlackFideId "-1"]
[PlyCount "61"]
[GameId "1735454130663424"]
[EventDate "2022.01.04"]
[EventType "swiss (blitz)"]
[EventRounds "11"]
[EventCountry "NET"]
[SourceTitle "EXT 2023"]
[Source "ChessBase"]
[SourceDate "2022.10.05"]
[SourceVersion "1"]
[SourceVersionDate "2022.10.05"]
[SourceQuality "1"]

1. e4 c5 2. b3 Nc6 3. Bb2 d6 4. Bb5 Bd7 5. f4 e6 6. Nf3 Nge7 7. Qe2 a6 8. Bxc6 Nxc6 9. O-O h6 10. Kh1 Rg8 11. d4 cxd4 12. Nxd4 Be7 13. Nf3 Qb6 14. Nc3 Rc8 15. Rad1 Nb4 16. Rfe1 g5 17. f5 e5 18. a3 Nc6 19. Nd5 Qd8 20. c4 g4 21. Nd2 Nd4 22. Bxd4 exd4 23. e5 dxe5 24. Qxe5 Kf8 25. Nxe7 Bc6 26. Nxc8 Qxc8 27. Qd6+ Kg7 28. Qxd4+ Kh7 29. Ne4 Bxe4 30. Qxe4 g3 31. h3 1-0

[Event "Titled Tuesday 2021.12.28"]
[Site "Chess.com INT"]
[Date "2021.12.28"]
[Round "3"]
[White "Grineva, Marianna"]
[Black "Golubka, Petro"]
[Result "0-1"]
[WhiteElo "1973"]
[BlackElo "2408"]
[WhiteFideId "-1"]
[BlackFideId "-1"]
[PlyCount "62"]
[GameId "1732914787737600"]
[EventDate "2021.12.28"]
[EventType "swiss (blitz)"]
[EventRounds "11"]
[EventCountry "NET"]
[SourceTitle "CBM 206 Extra"]
[Source "ChessBase"]
[SourceDate "2022.03.31"]
[SourceVersion "1"]
[SourceVersionDate "2022.03.31"]
[SourceQuality "1"]

1. e4 c5 2. Nf3 Nc6 3. d4 cxd4 4. Nxd4 e5 5. Nb5 a5 6. a3 h6 7. Nd6+ Bxd6 8. Qxd6 Qf6 9. Qd1 Qg6 10. Nc3 Nf6 11. Qd3 O-O 12. f3 d5 13. exd5 Bf5 14. Qe3 Nd4 15. Kf2 Nxc2 16. Qxe5 Nxa1 17. h4 Nb3 18. Be3 Rfe8 19. Qc7 Bd3 20. Qxb7 Bxf1 21. Rxf1 Rab8 22. Qc6 Nd4 23. Qxe8+ Nxe8 24. Bxd4 Rxb2+ 25. Ne2 Rc2 26. Re1 Nd6 27. Be5 Nc4 28. Bf4 h5 29. g3 Kh7 30. Rd1 Qb6+ 31. Kf1 Ne3+ 0-1

[Event "Titled Tuesday 2021.12.28"]
[Site "Chess.com INT"]
[Date "2021.12.28"]
[Round "4"]
[White "Golubka, Petro"]
[Black "Loy, Konstantin"]
[Result "1-0"]
[WhiteElo "2408"]
[BlackElo "2268"]
[WhiteFideId "-1"]
[BlackFideId "-1"]
[PlyCount "85"]
[GameId "1732914789154816"]
[EventDate "2021.12.28"]
[EventType "swiss (blitz)"]
[EventRounds "11"]
[EventCountry "NET"]
[SourceTitle "CBM 206 Extra"]
[Source "ChessBase"]
[SourceDate "2022.03.31"]
[SourceVersion "1"]
[SourceVersionDate "2022.03.31"]
[SourceQuality "1"]

1. e4 c5 2. Nf3 d6 3. Bb5+ Nd7 4. O-O a6 5. Be2 Ngf6 6. d3 g6 7. Nbd2 Bg7 8. c3 O-O 9. a4 Nb8 10. Nc4 Bg4 11. h3 Bxf3 12. Bxf3 Nc6 13. a5 Rb8 14. Qa4 Nd7 15. Be2 Nce5 16. Ne3 e6 17. f4 Nc6 18. Bf3 Qc7 19. Kh1 Rbd8 20. Bd2 Nf6 21. g4 d5 22. e5 Nd7 23. g5 Ndb8 24. Ng4 d4 25. c4 Ne7 26. b4 Nf5 27. bxc5 Nc6 28. Kg1 Kh8 29. Rfb1 Rb8 30. Kf2 Nxe5 31. fxe5 Bxe5 32. c6 Bg3+ 33. Ke2 Bh4 34. Rxb7 Qg3 35. Rf1 Qxh3 36. Bf4 Bg3 37. Nf2 Bxf2 38. Rxf2 Ng3+ 39. Kd2 Nf1+ 40. Ke1 Ne3 41. Rxb8 Rxb8 42. Be5+ Kg8 43. Bxb8 1-0

[Event "Titled Tuesday 2021.12.28"]
[Site "Chess.com INT"]
[Date "2021.12.28"]
[Round "5"]
[White "Golubka, Petro"]
[Black "Odegov, Artem"]
[Result "1-0"]
[WhiteElo "2408"]
[BlackElo "2286"]
[WhiteFideId "-1"]
[BlackFideId "-1"]
[PlyCount "93"]
[GameId "1732914790494208"]
[EventDate "2021.12.28"]
[EventType "swiss (blitz)"]
[EventRounds "11"]
[EventCountry "NET"]
[SourceTitle "CBM 206 Extra"]
[Source "ChessBase"]
[SourceDate "2022.03.31"]
[SourceVersion "1"]
[SourceVersionDate "2022.03.31"]
[SourceQuality "1"]

1. e4 e6 2. d4 d5 3. Nd2 Nf6 4. Bd3 c5 5. c3 Nc6 6. Ngf3 cxd4 7. cxd4 Qb6 8. e5 Nd7 9. Nb3 a5 10. a4 Bb4+ 11. Ke2 f6 12. exf6 Nxf6 13. Be3 O-O 14. h3 Bd7 15. Bb5 Rae8 16. Rc1 Ne4 17. Qd3 Qd8 18. Rhd1 e5 19. dxe5 Be6 20. Bxc6 bxc6 21. Rxc6 Kh8 22. Rxe6 Rxe6 23. Qxd5 Qxd5 24. Rxd5 Rb8 25. Nfd4 Ree8 26. Kd3 Nc5+ 27. Nxc5 Bxc5 28. Rxc5 Rxb2 29. Rxa5 Ra2 30. e6 Kg8 31. h4 h6 32. h5 Kh7 33. g4 Re7 34. Ra6 Re8 35. a5 Rb8 36. Ke4 Ra4 37. Ra7 Re8 38. a6 Ra5 39. f4 Rc5 40. g5 Ra5 41. gxh6 Kxh6 42. f5+ Kxh5 43. Rxg7 Kh4 44. Bf4 Rxa6 45. Nf3+ Kh5 46. Rh7+ Kg4 47. Rh4# 1-0

[Event "Titled Tuesday 2021.12.28"]
[Site "Chess.com INT"]
[Date "2021.12.28"]
[Round "6"]
[White "Guliev, Logman"]
[Black "Golubka, Petro"]
[Result "1-0"]
[WhiteElo "2260"]
[BlackElo "2408"]
[WhiteFideId "-1"]
[BlackFideId "-1"]
[PlyCount "99"]
[GameId "1732914791690240"]
[EventDate "2021.12.28"]
[EventType "swiss (blitz)"]
[EventRounds "11"]
[EventCountry "NET"]
[SourceTitle "CBM 206 Extra"]
[Source "ChessBase"]
[SourceDate "2022.03.31"]
[SourceVersion "1"]
[SourceVersionDate "2022.03.31"]
[SourceQuality "1"]

1. e4 c5 2. Nf3 d6 3. d4 c4 4. Bxc4 a6 5. O-O e6 6. c3 Be7 7. Re1 Nd7 8. Nbd2 b6 9. Nf1 Bb7 10. Ng3 Ngf6 11. Bg5 h6 12. Bd2 b5 13. Bd3 Rc8 14. a4 Qb6 15. axb5 axb5 16. Qb3 Bc6 17. e5 dxe5 18. Nxe5 Nxe5 19. Rxe5 O-O 20. Nf5 exf5 21. Rxe7 Ne4 22. Bf4 Qd8 23. Raa7 Bd5 24. Qxb5 Ra8 25. Rxa8 Qxa8 26. f3 Ng5 27. Qa6 Qd8 28. Qa7 Ne6 29. Rd7 Qc8 30. Be5 Bc6 31. Re7 Ng5 32. h3 Bd5 33. Qc5 Qa8 34. Bxf5 Bxf3 35. Ra7 Qd8 36. gxf3 Nxf3+ 37. Kf2 Nxe5 38. Qxe5 Qh4+ 39. Qg3 Qf6 40. Qf3 Qb6 41. Ra8 Qxb2+ 42. Kg3 g6 43. Rxf8+ Kxf8 44. Bxg6 Qb8+ 45. Qf4 Qxf4+ 46. Kxf4 fxg6 47. d5 Ke7 48. Ke5 g5 49. c4 h5 50. Kf5 1-0

[Event "Titled Tuesday 2021.12.28"]
[Site "Chess.com INT"]
[Date "2021.12.28"]
[Round "7"]
[White "Golubka, Petro"]
[Black "Berezin, Viktor1"]
[Result "0-1"]
[WhiteElo "2408"]
[BlackElo "2307"]
[WhiteFideId "-1"]
[BlackFideId "-1"]
[PlyCount "114"]
[GameId "1732914792898560"]
[EventDate "2021.12.28"]
[EventType "swiss (blitz)"]
[EventRounds "11"]
[EventCountry "NET"]
[SourceTitle "CBM 206 Extra"]
[Source "ChessBase"]
[SourceDate "2022.03.31"]
[SourceVersion "1"]
[SourceVersionDate "2022.03.31"]
[SourceQuality "1"]

1. e4 d5 2. Nc3 dxe4 3. Nxe4 Nf6 4. Nc3 g6 5. Nf3 Bg7 6. h3 O-O 7. Bc4 a6 8. Bb3 b5 9. d4 Bb7 10. O-O b4 11. Na4 Nbd7 12. Re1 e6 13. a3 a5 14. axb4 axb4 15. Bd2 Qe7 16. Qe2 Ne4 17. Bf4 Ndf6 18. Be5 Nh5 19. Bh2 Rfd8 20. Qe3 Nhf6 21. Be5 Ne8 22. Bxg7 Nxg7 23. Nc5 Nf5 24. Qf4 Nxc5 25. dxc5 Qxc5 26. Rxa8 Rxa8 27. Ne5 Qe7 28. Nd3 c5 29. Re5 Rc8 30. Bc4 Nd4 31. Nxc5 Nxc2 32. Nxe6 Rxc4 33. Qxc4 fxe6 34. Qxc2 Bd5 35. Qe2 Qb7 36. f3 b3 37. Kh2 Qc7 38. f4 Qc1 39. Qf2 Kg7 40. Qd4 Kg8 41. Re2 Qc6 42. Rd2 Qc7 43. Qe5 Qc1 44. Qe3 Qc6 45. Kg3 Qc7 46. h4 Qc1 47. h5 Qh1 48. hxg6 hxg6 49. Rxd5 exd5 50. Qe8+ Kg7 51. Qe7+ Kg8 52. Qd8+ Kg7 53. Qd7+ Kh8 54. Qxd5 Qe1+ 55. Kg4 Qe2+ 56. Kg5 Qh5+ 57. Kf6 Qxd5 0-1

[Event "Titled Tuesday 2021.12.28"]
[Site "Chess.com INT"]
[Date "2021.12.28"]
[Round "8"]
[White "Shvedova, Alexandra"]
[Black "Golubka, Petro"]
[Result "0-1"]
[WhiteElo "2065"]
[BlackElo "2408"]
[WhiteFideId "-1"]
[BlackFideId "-1"]
[PlyCount "56"]
[GameId "1732914793066496"]
[EventDate "2021.12.28"]
[EventType "swiss (blitz)"]
[EventRounds "11"]
[EventCountry "NET"]
[SourceTitle "CBM 206 Extra"]
[Source "ChessBase"]
[SourceDate "2022.03.31"]
[SourceVersion "1"]
[SourceVersionDate "2022.03.31"]
[SourceQuality "1"]

1. e4 c5 2. Ne2 d6 3. g3 e6 4. Bg2 Be7 5. O-O Nf6 6. c3 O-O 7. d4 e5 8. h3 Nc6 9. Be3 b6 10. f4 Ba6 11. d5 exf4 12. gxf4 Na5 13. b3 Re8 14. c4 b5 15. e5 bxc4 16. exf6 Bxf6 17. Nbc3 Rxe3 18. Qd2 Rxe2 19. Nxe2 Bxa1 20. Rxa1 cxb3 21. Nc3 Nc4 22. Qe2 b2 23. Rb1 Qf6 24. Be4 Qd4+ 25. Kh1 Qxc3 26. Qh5 g6 27. Qg5 Qxh3+ 28. Kg1 Qe3+ 0-1

[Event "Titled Tuesday 2021.12.28"]
[Site "Chess.com INT"]
[Date "2021.12.28"]
[Round "9"]
[White "Golubka, Petro"]
[Black "Kubatko, Ivan"]
[Result "0-1"]
[WhiteElo "2408"]
[BlackElo "2257"]
[WhiteFideId "-1"]
[BlackFideId "-1"]
[PlyCount "46"]
[GameId "1732914794336256"]
[EventDate "2021.12.28"]
[EventType "swiss (blitz)"]
[EventRounds "11"]
[EventCountry "NET"]
[SourceTitle "CBM 206 Extra"]
[Source "ChessBase"]
[SourceDate "2022.03.31"]
[SourceVersion "1"]
[SourceVersionDate "2022.03.31"]
[SourceQuality "1"]

1. e4 d5 2. Nc3 dxe4 3. Nxe4 Qd5 4. Nc3 Qa5 5. Nf3 Nf6 6. h3 Bf5 7. Bc4 c6 8. Bb3 e6 9. O-O Nbd7 10. Re1 O-O-O 11. d3 Bd6 12. Bd2 Qc7 13. Nh4 Bg6 14. a4 a5 15. Bc4 Nb6 16. b3 Nbd5 17. Bxd5 exd5 18. Qf3 Bh5 19. g4 Bg6 20. Kg2 Nd7 21. Nf5 Bxf5 22. Qxf5 f6 23. d4 g6 0-1

[Event "Titled Tuesday 2021.12.28"]
[Site "Chess.com INT"]
[Date "2021.12.28"]
[Round "10"]
[White "Golubka, Petro"]
[Black "Aslanov, Umid Fuad"]
[Result "1-0"]
[WhiteElo "2408"]
[BlackElo "2187"]
[WhiteFideId "-1"]
[BlackFideId "-1"]
[PlyCount "33"]
[GameId "1732914795266048"]
[EventDate "2021.12.28"]
[EventType "swiss (blitz)"]
[EventRounds "11"]
[EventCountry "NET"]
[SourceTitle "CBM 206 Extra"]
[Source "ChessBase"]
[SourceDate "2022.03.31"]
[SourceVersion "1"]
[SourceVersionDate "2022.03.31"]
[SourceQuality "1"]

1. e4 c5 2. Nf3 d6 3. Nc3 Nf6 4. Be2 Nc6 5. O-O g6 6. h3 Bg7 7. a3 O-O 8. d3 a6 9. Be3 b5 10. Rb1 Bb7 11. Qd2 Qc7 12. Bh6 Rfd8 13. Bxg7 Kxg7 14. Rfc1 d5 15. exd5 Nxd5 16. Nxd5 Rxd5 17. c4 1-0

[Event "Krakow op-A"]
[Site "Krakow POL"]
[Date "2021.12.27"]
[Round "1.5"]
[White "Kacprzak, Karol"]
[Black "Golubka, Petro"]
[Result "1/2-1/2"]
[WhiteElo "2226"]
[BlackElo "2438"]
[WhiteFideId "-1"]
[BlackFideId "-1"]
[PlyCount "57"]
[GameId "2130307579863169"]
[EventDate "2021.12.27"]
[EventType "swiss"]
[EventRounds "9"]
[EventCountry "POL"]
[SourceTitle "10 Days #674"]
[Source "ChessMix"]
[SourceDate "2022.01.10"]
[SourceVersion "1"]
[SourceVersionDate "2022.01.10"]
[SourceQuality "1"]

1. e4 c5 2. Nf3 d6 3. d4 cxd4 4. Nxd4 Nf6 5. Nc3 a6 6. h3 h5 7. Be3 e6 8. a4 Nc6 9. Be2 Be7 10. O-O Bd7 11. f4 h4 12. f5 Qc7 13. fxe6 fxe6 14. Bc4 Nxd4 15. Qxd4 Rc8 16. Bb3 Qa5 17. Qd3 O-O 18. Rad1 Nh5 19. Ne2 Kh8 20. Nf4 Rf6 21. e5 Qxe5 22. Bd4 Nxf4 23. Bxe5 Nxd3 24. Bxf6 Bxf6 25. Rxd3 d5 26. c4 dxc4 27. Rxd7 cxb3 28. Rxb7 Bxb2 29. Rxb3 1/2-1/2

[Event "Krakow op-A"]
[Site "Krakow POL"]
[Date "2021.12.28"]
[Round "2.14"]
[White "Golubka, Petro"]
[Black "Vardanyan, Aras"]
[Result "1-0"]
[WhiteElo "2438"]
[BlackElo "2222"]
[WhiteFideId "-1"]
[BlackFideId "-1"]
[PlyCount "61"]
[GameId "2130307579863199"]
[EventDate "2021.12.27"]
[EventType "swiss"]
[EventRounds "9"]
[EventCountry "POL"]
[SourceTitle "10 Days #674"]
[Source "ChessMix"]
[SourceDate "2022.01.10"]
[SourceVersion "1"]
[SourceVersionDate "2022.01.10"]
[SourceQuality "1"]

1. e4 c5 2. Nf3 d6 3. Bb5+ Nd7 4. O-O a6 5. Be2 Ngf6 6. d3 g6 7. c3 Bg7 8. Nbd2 e5 9. a4 b6 10. Nc4 Qc7 11. d4 Nxe4 12. dxe5 dxe5 13. Ng5 Nxg5 14. Nd6+ Ke7 15. Bxg5+ f6 16. Qd5 Qxd6 17. Qxa8 fxg5 18. Bxa6 Qb8 19. Qxb8 Nxb8 20. Bxc8 Rxc8 21. a5 b5 22. a6 Nc6 23. Rfd1 Na7 24. Rd5 Rc7 25. Rad1 Nc8 26. b4 e4 27. Rxc5 Rxc5 28. bxc5 Bxc3 29. c6 Nb6 30. a7 b4 31. c7 1-0